000 00231nam a22000977a 4500
999 _c13310
_d13310
082 _a954
_b10392
100 _aAzad Bin Haider
245 _aQuaid E Azam: Challenge Secularism
260 _aKarachi
_bJinnah thinkers forum
942 _cBK